00426nam a2200181Ia 4500003000400000005001700004008004100021020001800062040000700080041000800087082002000095100001500115245003600130250000600166260004300172300001600215365001300231OSt20250506112210.0210423s2013 xx 000 0 und d a9788122435023 cAL aeng a515.42 BARM223 aDe Barra G aMeasure theory and integration. a2 aNew DelhibNew Age Internationalc2013 axiv,234bPB b199cINR